00000000nas 2200000zi 4500
0019.955106
003CaOODSP
00520250911102246
006m     o  d f      
007cr |||||||||||
008250910c20189999onc x m o    f0###|0eng|d
040 |aCaOODSP|beng|erda|cCaOODSP
043 |an-cn---
0861 |aJ3-14E-PDF
1300 |aResearch in brief (Canada. Department of Justice. Research and Statistics Division)
24510|aResearch in brief / |cResearch and Statistics Division, Department of Justice Canada.
264 1|a[Ottawa] : |bDepartment of Justice Canada = Ministère de la justice Canada, |c[2018?]-
310 |aIrregular
336 |atext|btxt|2rdacontent
337 |acomputer|bc|2rdamedia
338 |aonline resource|bcr|2rdacarrier
500 |aIssued also in French under title: Recherche en bref.
588 |aDescription based on: No. 1 (2018).
650 0|aCriminal justice, Administration of|zCanada|xResearch.
7101 |aCanada. |bDepartment of Justice. |bResearch and Statistics Division, |eissuing body.
77508|tRecherche en bref / |w(CaOODSP)9.955108